|
|
|
|
| LEADER |
00000nab a2200000 a 4500 |
| 001 |
vtls000554263 |
| 003 |
SK-MaSNL |
| 005 |
20260426080316.0 |
| 008 |
250425c1995 xo 0 slo |
| 015 |
|
|
|a SNBRB19rr/mm-uuuuu
|
| 035 |
|
|
|a CL0554401
|
| 035 |
|
|
|a urn:nbn:sk:snk-ab30bi
|
| 035 |
|
|
|a (urnnbn)urn:nbn:sk:snk:ar-a04c7f
|
| 035 |
|
|
|a (uuid)0167df28-57b3-4fbd-b827-00f627dd8d46
|
| 040 |
|
|
|a SNKBUCL
|b slo
|c SNKBUCL
|e AACR2
|
| 041 |
0 |
|
|a slo
|
| 044 |
|
|
|a xo
|c SK
|
| 080 |
|
|
|a 331.56"405"(437.6):339.923(4)
|2 1981
|
| 080 |
|
|
|a 339.923(4)
|2 1981
|
| 100 |
1 |
|
|a Kostolná, Zuzana
|4 aut
|9 9913
|
| 245 |
1 |
0 |
|a Dlhodobá nezamestnanosť: trendy vývoja v krajinách EÚ a na Slovensku
|c Zuzana Kostolná, Eneke Hanzelová
|
| 300 |
|
|
|b Tab. 3
|
| 610 |
|
7 |
|a Európska únia
|2 snkbucl
|9 29861
|
| 650 |
0 |
7 |
|a dlhodobá nezamestnanosť
|2 snkbucl
|9 71781
|
| 651 |
|
7 |
|a Slovensko
|2 snkbucl
|9 14231
|
| 655 |
|
7 |
|a články z novín a časopisov
|2 snkbucl
|9 267496
|
| 700 |
1 |
|
|a Hanzelová, Eneke
|4 aut
|9 11868
|
| 773 |
0 |
|
|t Práca a sociálna politika
|g Roč. 3, č. 6 (1995), s. 4-5
|x 1210-5643
|
| 850 |
|
|
|a Slovenská národná knižnica
|
| 852 |
|
|
|a Slovenská národná knižnica
|
| 954 |
|
|
|a odborná, vedecká literatúra pôvodná (slovenská)
|2 lita
|
| 958 |
|
|
|a article27
|
| 958 |
|
|
|a RK
|
| 958 |
|
|
|a OND
|
| 958 |
|
|
|a EUIPO
|
| 992 |
|
|
|a RBX
|
| 999 |
|
|
|c 2804239
|d 2806169
|